| 000 | 00526nam a2200169Ia 4500 | ||
|---|---|---|---|
| 008 | 230711s9999||||xx |||||||||||||| ||und|| | ||
| 020 | _a978-93-88798-53-2 | ||
| 041 | _aENG | ||
| 082 |
_a344.5404 _bGU-F |
||
| 100 | _aGupta, Virag | ||
| 245 | 4 |
_aThe Food Safety and Standards Act, 2006 _bAct No.34 of 2006, dt 23-08-2006 alongwith Rules and Regulations |
|
| 250 | _a1st Ed. | ||
| 260 |
_c2019 _aNew Delhi _bCommerical Law Publishers(India)Pvt. Ltd |
||
| 300 | _a1692p. | ||
| 650 | _aFood Science and Technology | ||
| 942 | _cBK | ||
| 999 |
_c7440 _d7440 |
||